000 00954nmc a2200337 a 4500
003 AR-BaBNM
005 20251128210920.0
008 141020s1997 ||||||||||||||000 | spa||
020 _a987-9197-03-8
040 _cAR-BaBNM
100 1 _aSolanas Pacheco, Yvonne
245 1 0 _aPrevengamos
_bnivel inicial : libro del maestro
260 _aBuenos Aires
_bCrecer Creando
_c1997
300 0 _a62 p.
490 0 _aTodo Mezclado. Prevención
500 0 _aContiene referencias bibliográficas
521 _aINICIAL
650 4 _aPREVENCION DE ENFERMEDADES
650 4 _aACTIVIDADES DE APRENDIZAJE
650 4 _aHIGIENE
650 4 _aNUTRICION
650 4 _aPREVENCION DE ACCIDENTES
650 4 _aJUEGOS EDUCATIVOS
650 4 _aGUIA DEL DOCENTE
653 0 _aEDUCACION INICIAL
653 0 _aINTEGRACION DE AREAS
653 0 _aEDUCACION PARA LA SALUD
800 1 _aBergadá Mugica, Elsa
_edirector
942 _cBK
998 _cRAQUEL
999 _c17441
_d17441